[Event "Copenhagen Chess Challenge 2016"]
[Site "Ballerup"]
[Date "2016.04.24"]
[Round "9"]
[White "Larsen, Preben R"]
[Black "Tandrup, Michael"]
[Result "1/2-1/2"]
[WhiteElo "1821"]
[BlackElo "1961"]
[PlyCount "52"]
[EventDate "2016.04.20"]
[EventType "swiss"]
[EventRounds "9"]
[EventCountry "DEN"]

1. e4 d5 2. exd5 Qxd5 3. Nc3 Qa5 4. Nf3 Nf6 5. Bc4 Bg4 6. O-O e6 7. d4 c6 8. h3
Bh5 9. a3 Be7 10. Bd2 Qc7 11. Be2 Nbd7 12. Nh2 Bg6 13. Re1 O-O 14. Be3 Rad8 15.
Bd3 Bxd3 16. Qxd3 Ne5 17. Qe2 Ng6 18. Nf3 Nd5 19. Nxd5 Rxd5 20. c4 Rdd8 21.
Rad1 Bf6 22. Bg5 Bxg5 23. Nxg5 Qf4 24. Nf3 Qf6 25. Rd2 Nf4 26. Qe4 Ng6 1/2-1/2

[Event "Copenhagen Chess Challenge 2016"]
[Site "Ballerup"]
[Date "2016.04.24"]
[Round "9"]
[White "Skovgaard, Ib"]
[Black "Sorensen, Per Settergren"]
[Result "0-1"]
[WhiteElo "2050"]
[BlackElo "1979"]
[PlyCount "90"]
[EventDate "2016.04.20"]
[EventType "swiss"]
[EventRounds "9"]
[EventCountry "DEN"]

1. e4 e5 2. Nf3 Nc6 3. Nc3 Nf6 4. Be2 d5 5. exd5 Nxd5 6. O-O Nxc3 7. bxc3 e4 8.
Nd4 Nxd4 9. cxd4 Qxd4 10. c3 Qd5 11. d3 Bf5 12. dxe4 Qxd1 13. Bxd1 Bd7 14. Bb3
Be7 15. Bf4 O-O-O 16. Be3 f6 17. a4 a6 18. Bd5 Bd6 19. Rab1 c6 20. Bc4 Rhe8 21.
f3 Be6 22. Be2 Be5 23. Rfc1 g5 24. g3 Rg8 25. Rb6 Bc7 26. Rb2 h5 27. Rcb1 b5
28. axb5 axb5 29. Ra1 Be5 30. Ra8+ Kd7 31. Ra7+ Ke8 32. f4 gxf4 33. Bxh5+ Kf8
34. Bb6 Rd7 35. Rxd7 Bxd7 36. Bc5+ Kg7 37. Ra2 fxg3 38. hxg3 Kh6 39. Bf7 Rxg3+
40. Kf2 Rxc3 41. Bf8+ Kg5 42. Bb4 Rh3 43. Bd2+ Bf4 44. Ra7 Rh2+ 45. Ke1 Bxd2+
0-1

[Event "Copenhagen Chess Challenge 2016"]
[Site "Ballerup"]
[Date "2016.04.24"]
[Round "9"]
[White "Sundin, Sven-Ingvar"]
[Black "Christensen, Allan Toftegaard"]
[Result "0-1"]
[WhiteElo "1633"]
[BlackElo "1711"]
[PlyCount "74"]
[EventDate "2016.04.20"]
[EventType "swiss"]
[EventRounds "9"]
[EventCountry "DEN"]

1. e4 c5 2. Nf3 Nc6 3. d4 cxd4 4. Nxd4 e6 5. Nc3 Bc5 6. Be3 Bb4 7. Qd2 Qf6 8.
f4 a6 9. e5 Qh4+ 10. g3 Qe7 11. a3 Ba5 12. Nb3 Bxc3 13. Qxc3 f6 14. Bc5 Qf7 15.
O-O-O Qh5 16. Bd6 fxe5 17. fxe5 Nge7 18. Re1 O-O 19. Be2 Qh6+ 20. Kb1 Nd5 21.
Qd3 Rf7 22. Ref1 Nd8 23. Rxf7 Nxf7 24. Bf3 Nxd6 25. exd6 Nf6 26. Qd4 Qg6 27.
Qb6 Qe8 28. Nc5 Qf8 29. c4 Ne8 30. Nxb7 Qxf3 31. Rc1 Bxb7 32. c5 Qc6 33. Qb4 a5
34. Qf4 Qe4+ 35. Qxe4 Bxe4+ 36. Ka2 Rc8 37. Re1 Bd5+ 0-1

[Event "Copenhagen Chess Challenge 2016"]
[Site "Ballerup"]
[Date "2016.04.24"]
[Round "9"]
[White "Hentley, Darryl"]
[Black "Andersen, Daniel"]
[Result "0-1"]
[WhiteElo "1666"]
[BlackElo "1956"]
[PlyCount "84"]
[EventDate "2016.04.20"]
[EventType "swiss"]
[EventRounds "9"]
[EventCountry "DEN"]

1. e4 c5 2. Nf3 d6 3. d4 cxd4 4. Qxd4 Nc6 5. Bb5 Bd7 6. Bxc6 Bxc6 7. c4 Nf6 8.
Nc3 g6 9. Bg5 Bg7 10. Qd3 O-O 11. O-O a6 12. Rad1 Rb8 13. Nd4 Ng4 14. Bf4 Bxd4
15. Qxd4 e5 16. Bxe5 Nxe5 17. f4 Nd7 18. Qxd6 Qb6+ 19. Rf2 Rbd8 20. Nd5 Bxd5
21. Qxb6 Nxb6 22. cxd5 Rfe8 23. Re2 Rxd5 24. Rxd5 Nxd5 25. g3 Nb6 26. b3 Rd8
27. Kf2 Kf8 28. Ke3 Ke7 29. Rc2 Rc8 30. Rxc8 Nxc8 31. Kd4 Kd6 32. g4 f6 33. a4
g5 34. e5+ fxe5+ 35. fxe5+ Ke6 36. b4 Nb6 37. a5 Nd7 38. h3 h6 39. Kc4 Kxe5 40.
b5 Kd6 41. bxa6 bxa6 42. Kd4 Nc5 0-1

[Event "Copenhagen Chess Challenge 2016"]
[Site "Ballerup"]
[Date "2016.04.24"]
[Round "9"]
[White "Allam, Dariusz"]
[Black "Kallenbach, Uffe"]
[Result "1-0"]
[WhiteElo "1922"]
[BlackElo "1694"]
[PlyCount "61"]
[EventDate "2016.04.20"]
[EventType "swiss"]
[EventRounds "9"]
[EventCountry "DEN"]

1. d4 Nf6 2. c4 e6 3. Nc3 d5 4. c5 Be7 5. Bf4 c6 6. e3 Nbd7 7. Nf3 O-O 8. Bd3
Re8 9. Qc2 Nf8 10. Ne5 N6d7 11. O-O Nxe5 12. Bxe5 f6 13. Bg3 e5 14. b4 e4 15.
Be2 Bf5 16. b5 Bg6 17. bxc6 bxc6 18. Qa4 Qd7 19. Ba6 Ne6 20. Rab1 Nd8 21. Nxd5
Ne6 22. Nf4 Ng5 23. Bb7 Rec8 24. Qa6 Bf7 25. Bxc8 Rxc8 26. Rb7 Rc7 27. Rxc7
Qxc7 28. Rb1 Qd7 29. Rb7 Qg4 30. h3 Qd1+ 31. Qf1 1-0